[Event "GER-chT10 KJ-34 Br02 email"]
[Site "GER email"]
[Date "2013.10.04"]
[Round "?"]
[White "Fechner, Joachim"]
[Black "Doderer, Harald"]
[Result "1/2-1/2"]
[WhiteElo "2094"]
[BlackElo "2087"]
[PlyCount "42"]
[EventDate "2013.10.15"]
[EventType "tourn (corr)"]
[EventRounds "4"]
[EventCountry "GER"]
[SourceTitle "Corr 2015"]
[Source "ChessBase"]
[SourceDate "2015.07.17"]
[SourceVersion "1"]
[SourceVersionDate "2015.07.17"]
[SourceQuality "1"]

1. e4 c6 2. d4 d5 3. exd5 cxd5 4. c4 Nf6 5. Nc3 Nc6 6. Nf3 Bg4 7. cxd5 Nxd5 8. Be2 e6 9. 0-0 Be7 10. Qb3 Nb6 11. Be3 0-0 12. Rfd1 Na5 13. Qb5 Nd5 14. Nxd5 Qxd5 15. Qxd5 exd5 16. Rac1 Rac8 17. h3 Be6 18. Ne5 Rfd8 19. Rxc8 Rxc8 20. Rc1 Rxc1+ 21. Bxc1 f6 1/2-1/2

[Event "GER-chT10 KJ-34 Br02 email"]
[Site "GER email"]
[Date "2013.10.04"]
[Round "?"]
[White "Semmler, Josef"]
[Black "Fechner, Joachim"]
[Result "1/2-1/2"]
[WhiteElo "1896"]
[BlackElo "2094"]
[PlyCount "98"]
[EventDate "2013.10.15"]
[EventType "tourn (corr)"]
[EventRounds "4"]
[EventCountry "GER"]
[SourceTitle "Corr 2015"]
[Source "ChessBase"]
[SourceDate "2015.07.17"]
[SourceVersion "1"]
[SourceVersionDate "2015.07.17"]
[SourceQuality "1"]

1. d4 Nf6 2. c4 e6 3. Nc3 Bb4 4. e3 0-0 5. Bd3 d5 6. Nf3 c5 7. 0-0 dxc4 8. Bxc4 Nc6 9. a3 Bxc3 10. bxc3 Qc7 11. Bb2 e5 12. h3 Bf5 13. a4 Rfd8 14. Bb5 e4 15. Nd2 Nd5 16. Rc1 Rd6 17. Be2 Qe7 18. Bg4 Bxg4 19. Qxg4 Re8 20. c4 Rg6 21. Qxe4 Qxe4 22. Nxe4 Nxe3 23. fxe3 Rxe4 24. d5 Na5 25. Bc3 Ra6 26. Bxa5 Rxa5 27. d6 Re8 28. e4 Rxa4 29. Ra1 Rxc4 30. Rxa7 Rcxe4 31. Rxb7 Rf8 32. Rd7 Rd4 33. Kf2 Rf4+ 34. Kg1 Rxf1+ 35. Kxf1 g6 36. g4 Kg7 37. g5 Re8 38. Kf2 Re6 39. Kg3 c4 40. h4 h5 41. gxh6+ Kxh6 42. Rxf7 Rxd6 43. Rc7 Rd3+ 44. Kf2 Rc3 45. Ke2 Rc1 46. Kf3 c3 47. Kf2 c2 48. Kg2 Kh5 49. Rc4 g5 1/2-1/2

[Event "GER Cup18 PZ07 serv"]
[Site "GER email"]
[Date "2012.09.02"]
[Round "?"]
[White "Fechner, Joachim"]
[Black "Bittner, Axel"]
[Result "0-1"]
[WhiteElo "2094"]
[BlackElo "2043"]
[PlyCount "82"]
[EventDate "2012.09.06"]
[EventType "tourn (corr)"]
[EventRounds "7"]
[EventCountry "GER"]
[SourceTitle "Corr 2015"]
[Source "ChessBase"]
[SourceDate "2015.07.17"]
[SourceVersion "1"]
[SourceVersionDate "2015.07.17"]
[SourceQuality "1"]

1. e4 e5 2. Nf3 Nc6 3. Bb5 a6 4. Ba4 Nf6 5. 0-0 Be7 6. Re1 b5 7. Bb3 0-0 8. d4 d6 9. c3 Bg4 10. d5 Na5 11. Bc2 c6 12. h3 Bc8 13. dxc6 Qc7 14. Nbd2 Qxc6 15. Nf1 Be6 16. Ng3 Rac8 17. Nf5 Bxf5 18. exf5 Nc4 19. Re2 e4 20. Nd4 Qb7 21. b3 Ne5 22. Bf4 Rxc3 23. Qe1 Nd3 24. Qxc3 Nxf4 25. Rd2 d5 26. Rad1 Bd6 27. Bb1 h6 28. Kf1 Rc8 29. Qe3 b4 30. Rc2 Re8 31. Rc6 Be5 32. Rc5 a5 33. Kg1 Qb6 34. Rc6 Qa7 35. Rc2 Qd7 36. g4 g5 37. Ne2 h5 38. Nxf4 gxf4 39. Qe1 hxg4 40. hxg4 Qd8 41. g5 f3 0-1

[Event "GER-chT9 KI-34 Br01 email"]
[Site "GER email"]
[Date "2011.10.17"]
[Round "?"]
[White "Jankowiak, Andreas"]
[Black "Fechner, Joachim"]
[Result "1/2-1/2"]
[WhiteElo "1999"]
[BlackElo "2110"]
[PlyCount "86"]
[EventDate "2011.10.23"]
[EventType "tourn (corr)"]
[EventRounds "4"]
[EventCountry "GER"]
[SourceTitle "Corr 2015"]
[Source "ChessBase"]
[SourceDate "2015.07.17"]
[SourceVersion "1"]
[SourceVersionDate "2015.07.17"]
[SourceQuality "1"]
[WhiteTeam "Germany"]
[BlackTeam "Latvia"]
[WhiteTeamCountry "GER"]
[BlackTeamCountry "LAT"]

1. e4 e5 2. Nf3 Nc6 3. Bb5 a6 4. Ba4 Nf6 5. 0-0 Be7 6. Re1 b5 7. Bb3 d6 8. c3 0-0 9. h3 Na5 10. Bc2 c5 11. d4 Qc7 12. Nbd2 cxd4 13. cxd4 Nc6 14. Nb3 a5 15. Be3 a4 16. Nbd2 Bd7 17. Rc1 Qb7 18. Qe2 Rfe8 19. Bd3 Rab8 20. dxe5 Nxe5 21. Nxe5 dxe5 22. Bc5 Bc6 23. Nf3 Bxc5 24. Rxc5 Nd7 25. Rc3 Re6 26. Rec1 h6 27. Qc2 Rc8 28. b3 axb3 29. Rxb3 Ra8 30. Rc3 Rc8 31. a3 Kh7 32. Qb1 Rd8 33. Qb4 Nf8 34. Nxe5 Rxe5 35. Rxc6 Rxd3 36. Qxf8 Re7 37. f3 Qa7+ 38. Kh2 Rxf3 39. R1c5 Rf4 40. Rc8 Rfxe4 41. R5c6 R4e6 42. Rc3 Re3 43. R3c6 R3e6 1/2-1/2

[Event "Berlin-ch Seniors op 27th"]
[Site "Berlin"]
[Date "2011.02.06"]
[Round "9"]
[White "Hankow, Bert Juergen"]
[Black "Fechner, Joachim"]
[Result "1/2-1/2"]
[WhiteElo "1825"]
[BlackElo "1920"]
[PlyCount "27"]
[EventDate "2011.01.29"]
[EventType "swiss"]
[EventRounds "9"]
[EventCountry "GER"]
[SourceTitle "EXT 2012"]
[Source "ChessBase"]
[SourceDate "2011.11.24"]
[SourceVersion "1"]
[SourceVersionDate "2011.11.24"]
[SourceQuality "1"]

1. d4 Nf6 2. c4 e6 3. Nf3 b6 4. a3 Bb7 5. Nc3 d5 6. cxd5 Nxd5 7. Qc2 a5 8. e4 Nxc3 9. bxc3 Be7 10. Bd3 0-0 11. Bb2 c5 12. 0-0 Nd7 13. Rfd1 Qc7 14. Qe2 1/2-1/2

[Event "Berlin-ch Seniors op 27th"]
[Site "Berlin"]
[Date "2011.02.04"]
[Round "7"]
[White "Tuertmann, Dieter"]
[Black "Fechner, Joachim"]
[Result "1/2-1/2"]
[WhiteElo "1805"]
[BlackElo "1920"]
[PlyCount "109"]
[EventDate "2011.01.29"]
[EventType "swiss"]
[EventRounds "9"]
[EventCountry "GER"]
[SourceTitle "EXT 2012"]
[Source "ChessBase"]
[SourceDate "2011.11.24"]
[SourceVersion "1"]
[SourceVersionDate "2011.11.24"]
[SourceQuality "1"]

1. Nf3 Nf6 2. b3 b6 3. Bb2 e6 4. e3 Bb7 5. Be2 Be7 6. 0-0 0-0 7. c4 d6 8. d3 e5 9. Nbd2 Nbd7 10. Qc2 Re8 11. Rad1 Bf8 12. Ne4 Nxe4 13. dxe4 Re6 14. g3 a5 15. a3 Nc5 16. Nxe5 Bxe4 17. Nd3 Rh6 18. f3 Bxd3 19. Bxd3 Nxd3 20. Qxd3 Qe8 21. Rf2 Re6 22. e4 Qc6 23. Qd5 Qxd5 24. cxd5 Re7 25. Rc2 f6 26. Rdc1 Ra7 27. a4 Kf7 28. Rc4 Ke8 29. Kf2 Kd7 30. f4 Re8 31. Kf3 Rb8 32. Bd4 Rab7 33. b4 axb4 34. Rxb4 Ra8 35. Rbc4 Be7 36. Rb1 Bd8 37. Rcb4 Rba7 38. Ra1 Ra5 39. h4 b5 40. Rxb5 Rxa4 41. Rxa4 Rxa4 42. Bb2 h5 43. Rb3 g6 44. Rd3 Rc4 45. Bd4 c6 46. dxc6+ Rxc6 47. Bb2 Ke6 48. Ba3 Ba5 49. g4 hxg4+ 50. Kxg4 f5+ 51. exf5+ gxf5+ 52. Kf3 Rc3 53. Rxc3 Bxc3 54. h5 Bg7 55. Bb4 1/2-1/2

[Event "GER Cup18 sf20 serv"]
[Site "GER email"]
[Date "2010.06.06"]
[Round "?"]
[White "Fechner, Joachim"]
[Black "Koltzsch, Klaus Juergen"]
[Result "1-0"]
[WhiteElo "2080"]
[BlackElo "1906"]
[PlyCount "79"]
[EventDate "2010.06.21"]
[EventType "tourn (corr)"]
[EventRounds "8"]
[EventCountry "GER"]
[SourceTitle "Corr 2015"]
[Source "ChessBase"]
[SourceDate "2015.07.17"]
[SourceVersion "1"]
[SourceVersionDate "2015.07.17"]
[SourceQuality "1"]
[WhiteTeam "Germany"]
[BlackTeam "Germany"]
[WhiteTeamCountry "GER"]
[BlackTeamCountry "GER"]

1. e4 e6 2. d4 d5 3. Nd2 c5 4. exd5 exd5 5. Ngf3 Nf6 6. Bb5+ Bd7 7. Qe2+ Be7 8. dxc5 0-0 9. Nb3 Re8 10. Be3 a6 11. Bd3 Ba4 12. Nfd4 Nbd7 13. 0-0 Bxb3 14. axb3 Bxc5 15. Qd1 Ne5 16. h3 Qb6 17. c3 Nc6 18. Ra4 Nxd4 19. Bxd4 Bxd4 20. Rxd4 Re6 21. Be2 Re4 22. Rd3 Re5 23. Bf3 Qe6 24. c4 dxc4 25. Rd6 Qe7 26. bxc4 Rc8 27. Qd4 b5 28. Rxa6 bxc4 29. Rc6 Rc5 30. Qxc5 Qxc5 31. Rxc5 Rxc5 32. Rc1 Nd7 33. Be2 Nb6 34. b3 c3 35. Bc4 Nxc4 36. Rxc3 Kf8 37. Rxc4 Rd5 38. h4 h5 39. g3 Rd1+ 40. Kg2 1-0

[Event "GER-chT8 LH-21 Br3 email"]
[Site "GER email"]
[Date "2009.10.09"]
[Round "?"]
[White "Alf, Henning"]
[Black "Fechner, Joachim"]
[Result "1/2-1/2"]
[WhiteElo "2094"]
[BlackElo "2076"]
[PlyCount "57"]
[EventDate "2009.10.15"]
[EventType "tourn (corr)"]
[EventRounds "8"]
[EventCountry "GER"]
[SourceTitle "Corr 2020"]
[Source "ChessBase"]
[SourceDate "2019.09.30"]
[SourceVersion "1"]
[SourceVersionDate "2019.09.30"]
[SourceQuality "1"]

1. d4 Nf6 2. c4 e6 3. Nf3 b6 4. Nc3 Bb4 5. Qb3 a5 6. Bg5 h6 7. Bh4 Bb7 8. e3 Qe7 9. a3 Bxc3+ 10. Qxc3 d6 11. Bd3 Nbd7 12. 0-0 0-0 13. Nd2 g5 14. Bg3 Nh5 15. Be2 Nxg3 16. hxg3 e5 17. Rae1 Rfe8 18. d5 a4 19. f4 exf4 20. exf4 Qe3+ 21. Qxe3 Rxe3 22. Bd1 Rxe1 23. Rxe1 Kf8 24. Nf3 b5 25. cxb5 Bxd5 26. fxg5 hxg5 27. Nxg5 Bc4 28. Re4 Nb6 29. Bc2 1/2-1/2

[Event "GER-chT8 LH-21 Br3 email"]
[Site "GER email"]
[Date "2009.10.09"]
[Round "?"]
[White "Fechner, Joachim"]
[Black "Burgarth, Ulrich"]
[Result "1-0"]
[WhiteElo "2076"]
[BlackElo "2252"]
[PlyCount "115"]
[EventDate "2009.10.15"]
[EventType "tourn (corr)"]
[EventRounds "8"]
[EventCountry "GER"]
[SourceTitle "Corr 2020"]
[Source "ChessBase"]
[SourceDate "2019.09.30"]
[SourceVersion "1"]
[SourceVersionDate "2019.09.30"]
[SourceQuality "1"]

1. e4 c5 2. Nf3 Nc6 3. Bb5 g6 4. 0-0 Bg7 5. c3 Nf6 6. Re1 0-0 7. e5 Nd5 8. d4 cxd4 9. cxd4 Nc7 10. Nc3 Nxb5 11. Nxb5 a6 12. Nc3 d6 13. exd6 Qxd6 14. d5 Ne5 15. Bf4 Nxf3+ 16. Qxf3 Qb4 17. Re2 a5 18. Rd1 Bd7 19. a3 Qc5 20. Be5 Bxe5 21. Rxe5 Rfe8 22. h4 Qc4 23. Re4 Qc5 24. h5 b5 25. Red4 Qd6 26. Ne4 Qe5 27. d6 Bc6 28. h6 a4 29. b4 Ra6 30. d7 Rd8 31. Qd3 Ra7 32. f4 Qxf4 33. Qc3 Rc7 34. Rd6 f6 35. Rxc6 Rcxd7 36. Rxd7 Rxd7 37. Qe1 Rd8 38. Re6 Kf8 39. Nc3 Qd4+ 40. Qe3 Qd7 41. Rb6 Rc8 42. Nxb5 Qd1+ 43. Kh2 Rc4 44. Nc3 Rh4+ 45. Kg3 Rg4+ 46. Kf2 Qc2+ 47. Ne2 Re4 48. Qf3 g5 49. Rb8+ Kf7 50. Qh5+ Ke6 51. g3 Re5 52. Rb6+ Kd7 53. Qg4+ e6 54. Qd4+ Ke8 55. Rb8+ Kf7 56. Qg4 Rf5+ 57. Kg2 Qc6+ 58. Kg1 1-0

[Event "GER-chT8 LH-21 Br3 email"]
[Site "GER email"]
[Date "2009.10.09"]
[Round "?"]
[White "Fechner, Joachim"]
[Black "Offenborn, Heinz"]
[Result "0-1"]
[WhiteElo "2076"]
[BlackElo "2118"]
[PlyCount "94"]
[EventDate "2009.10.15"]
[EventType "tourn (corr)"]
[EventRounds "8"]
[EventCountry "GER"]
[SourceTitle "Corr 2020"]
[Source "ChessBase"]
[SourceDate "2019.09.30"]
[SourceVersion "1"]
[SourceVersionDate "2019.09.30"]
[SourceQuality "1"]

1. e4 e5 2. Nf3 Nc6 3. Bb5 a6 4. Ba4 Nf6 5. 0-0 Be7 6. Re1 b5 7. Bb3 0-0 8. d4 d6 9. c3 Bg4 10. d5 Na5 11. Bc2 Qc8 12. Nbd2 c6 13. h3 Bd7 14. b4 Nb7 15. dxc6 Qxc6 16. Bb2 Nd8 17. Nb3 Ne6 18. g3 Qb6 19. Kg2 Rac8 20. Na5 Rfd8 21. a4 d5 22. exd5 Nxd5 23. Qxd5 Nf4+ 24. gxf4 Bxh3+ 25. Kxh3 Rxd5 26. Kg2 bxa4 27. Rxa4 Bh4 28. Re2 exf4 29. Ra1 Qb5 30. c4 Qd7 31. Rh1 Qg4+ 32. Kf1 Qxf3 33. Rxh4 f5 34. Ke1 Rd6 35. c5 Rg6 36. Nb3 Qb7 37. Rxf4 Qh1+ 38. Kd2 Qh6 39. Be5 Rg4 40. Bd3 Rxf4 41. Bxf4 Qxf4+ 42. Kc3 Rd8 43. Bxa6 h5 44. Bc4+ Kh7 45. b5 h4 46. b6 h3 47. Re3 Qxe3+ 0-1

[Event "GER-ch48 V8 email"]
[Site "GER email"]
[Date "2008.08.29"]
[Round "?"]
[White "Fechner, Joachim"]
[Black "Dorer, Manfred"]
[Result "1/2-1/2"]
[WhiteElo "2075"]
[BlackElo "2089"]
[PlyCount "78"]
[EventDate "2008.??.??"]
[EventType "tourn (corr)"]
[EventRounds "10"]
[EventCountry "GER"]
[SourceTitle "Corr 2011"]
[Source "ChessBase"]
[SourceDate "2010.08.31"]
[SourceVersion "1"]
[SourceVersionDate "2010.08.31"]
[SourceQuality "1"]

1. e4 c5 2. Nf3 Nc6 3. Bb5 g6 4. 0-0 Bg7 5. c3 Nf6 6. Re1 0-0 7. d4 d5 8. e5 Ne4 9. Nbd2 cxd4 10. cxd4 Nxd2 11. Bxd2 Qb6 12. Bxc6 bxc6 13. Bc3 Bg4 14. h3 Bxf3 15. Qxf3 e6 16. Qg4 a5 17. Rad1 c5 18. dxc5 Qxc5 19. Rd4 Qc6 20. Ra4 Rfb8 21. Qd4 Rb5 22. Qf4 Bf8 23. Rd4 Rab8 24. Rd3 Bb4 25. Red1 Rc5 26. Bd4 Rc4 27. h4 Bf8 28. b3 Rc2 29. a4 h6 30. Qe3 Qc7 31. h5 g5 32. f4 Be7 33. Rf1 Rb4 34. Kh1 Kf8 35. f5 exf5 36. Rxf5 Bc5 37. Rf1 Bxd4 38. Rxd4 Qa7 39. Re4 Qxe3 1/2-1/2

[Event "GER-ch48 V8 email"]
[Site "GER email"]
[Date "2008.08.29"]
[Round "?"]
[White "Haumann, Joachim"]
[Black "Fechner, Joachim"]
[Result "1/2-1/2"]
[WhiteElo "2176"]
[BlackElo "2075"]
[PlyCount "45"]
[EventDate "2008.??.??"]
[EventType "tourn (corr)"]
[EventRounds "10"]
[EventCountry "GER"]
[SourceTitle "Corr 2011"]
[Source "ChessBase"]
[SourceDate "2010.08.31"]
[SourceVersion "1"]
[SourceVersionDate "2010.08.31"]
[SourceQuality "1"]

1. d4 Nf6 2. c4 e6 3. Nf3 b6 4. g3 Bb7 5. Bg2 Be7 6. 0-0 0-0 7. Nc3 Ne4 8. Qc2 Nxc3 9. Qxc3 f5 10. Rd1 Bf6 11. Bf4 d6 12. Qe3 Qe7 13. Bg5 Nd7 14. Bxf6 Nxf6 15. Rac1 a5 16. c5 Be4 17. cxb6 cxb6 18. Nd2 Nd5 19. Qb3 Bxg2 20. Kxg2 a4 21. Qa3 b5 22. e4 fxe4 23. Nxe4 1/2-1/2

[Event "GER KF-31 Class1 email"]
[Site "GER email"]
[Date "2007.11.07"]
[Round "?"]
[White "Fechner, Joachim"]
[Black "Zenner, Peter"]
[Result "1/2-1/2"]
[WhiteElo "2074"]
[BlackElo "1874"]
[PlyCount "63"]
[EventDate "2007.??.??"]
[EventType "tourn (corr)"]
[EventRounds "6"]
[EventCountry "GER"]
[SourceTitle "Corr 2008"]
[Source "ChessBase"]
[SourceDate "2008.06.24"]
[SourceVersion "1"]
[SourceVersionDate "2008.06.24"]
[SourceQuality "1"]

1. e4 e5 2. Nf3 Nf6 3. Nxe5 d6 4. Nf3 Nxe4 5. d4 d5 6. Bd3 Bd6 7. 0-0 0-0 8. c4 c6 9. Re1 Bg4 10. h3 Bf5 11. Qc2 Na6 12. a3 Bg6 13. Nc3 Nxc3 14. Bxg6 hxg6 15. bxc3 dxc4 16. Qa4 Qd7 17. Qxc4 Rfe8 18. Bd2 b5 19. Qb3 Rxe1+ 20. Rxe1 Re8 21. Ra1 Nc7 22. a4 a6 23. c4 Qf5 24. Rc1 Re4 25. axb5 axb5 26. cxb5 cxb5 27. Bb4 Bf4 28. Rd1 Qd7 29. Ra1 Re8 30. Bc5 Ne6 31. Rb1 Rb8 32. Qb4 1/2-1/2

[Event "GER KF-31 Class1 email"]
[Site "GER email"]
[Date "2007.11.07"]
[Round "?"]
[White "Krausse, Axel"]
[Black "Fechner, Joachim"]
[Result "1/2-1/2"]
[WhiteElo "1870"]
[BlackElo "2074"]
[PlyCount "61"]
[EventDate "2007.??.??"]
[EventType "tourn (corr)"]
[EventRounds "6"]
[EventCountry "GER"]
[SourceTitle "Corr 2008"]
[Source "ChessBase"]
[SourceDate "2008.06.24"]
[SourceVersion "1"]
[SourceVersionDate "2008.06.24"]
[SourceQuality "1"]

1. c4 Nf6 2. Nc3 e6 3. e4 Nc6 4. Nf3 d6 5. d4 Be7 6. Be2 e5 7. dxe5 Nxe5 8. Nxe5 dxe5 9. Qxd8+ Bxd8 10. f4 c6 11. fxe5 Ng4 12. Bf4 Bc7 13. Bxg4 Bxg4 14. h3 Be6 15. b3 f6 16. 0-0-0 fxe5 17. Bg3 0-0 18. Na4 Rad8 19. Nc5 Bc8 20. Nd3 Rde8 21. Rhf1 Rxf1 22. Rxf1 g5 23. Bf2 b6 24. c5 Ba6 25. Rd1 Kf7 26. Be3 h6 27. Kc2 Ke6 28. Nb4 Bb7 29. Rh1 Rg8 30. Nd3 Ba6 31. a4 1/2-1/2